|
|
|
|
| LEADER |
01832nam a2200325 i 4500 |
| 001 |
8339 |
| 003 |
BD-DhAAL |
| 005 |
20151209141110.0 |
| 008 |
151209s2011 ii a b 010 0dbeno |
| 010 |
|
|
|a 2012324166
|
| 020 |
|
|
|a 8187259795
|
| 040 |
|
|
|a DLC
|b eng
|e rda
|c DLC
|d DLC
|d BD-DhAAL
|
| 050 |
0 |
0 |
|a PK1726
|b .R2786 2011
|
| 082 |
|
|
|a 891/.4414
|
| 245 |
0 |
0 |
|a রবীন্দ্রনাথ ঠাকুর ও একুশ শতকের বাঙালি =
|b Rabindranath Thakur o ekush shataker Bangali /
|c সম্পাদক সুমিত চক্রবর্তী ; সম্পাদকমন্ডলী, সঞ্জীব চক্রবর্তী, শুভপ্রসাদ নন্দী মজুমদার, দেবদত্ত তা.
.
|
| 246 |
3 |
1 |
|a Rabindranath Thakur o ekush shataker Bangali
|
| 260 |
|
|
|a বর্ধমান :
|b বর্ধমান বিশ্ববিদ্যালয়,
|c ২০০১.
|
| 300 |
|
|
|a ৩৬৮ পৃ. :
|b চিত্র ;
|c ২৮ সে.মি.
|
| 504 |
|
|
|a Includes bibliographical references.
|
| 520 |
|
|
|a Contributed articles on the life and works of Rabindranath Tagore, 1861-1941, Bengali author; published on the 150th birth anniversary of author.
|
| 541 |
|
|
|e 8339
|
| 546 |
|
|
|a In Bengali; includes passages in English.
|
| 600 |
1 |
0 |
|a Tagore, Rabindranath
|d 1861-1941
|x Criticism and interpretation.
|9 16741
|
| 600 |
1 |
0 |
|a Tagore, Rabindranath
|d 1861-1941
|9 16742
|
| 700 |
1 |
|
|a Cakrabartī, Sumitā,
|e editor.
|9 16743
|
| 700 |
1 |
|
|a Tagore, Rabindranath
|d 1861-1941.
|9 16742
|
| 710 |
2 |
|
|a University of Burdwan.
|9 16744
|
| 942 |
|
|
|2 ddc
|c BK
|
| 999 |
|
|
|c 36379
|d 36379
|
| 952 |
|
|
|0 0
|1 0
|2 ddc
|4 0
|6 891_000000000000000__4414_RAB
|7 0
|9 57216
|a SCL
|b SCL
|c GEN
|d 2015-12-09
|e Gift:
|g 350.00
|l 1
|m 9
|o 891.4414 RAB
|p 3020008339
|r 2023-02-20
|s 2019-09-08
|t 1
|w 2015-12-09
|y BK
|